000 00855nam a22002297a 4500
008 081020t xxu||||| |||| 00| 0 eng d
010 _aENG-91376
020 _a9788189841034
_c175.00
035 _aEN-74909
037 _bDBAD / PUB
040 _adpl
_bEnglish
082 _a650.072
100 _aSivakumar, V.
245 _aResearch methods for business and economics /
_cby V. Sivakumar
260 _aErode
_bPallavi Pathippagam
_c2008
270 _a194, Kanna Complex, Mettur Raod,
_bErode
_e11
300 _avi, 138p.
_c21cm (pbk)
500 _aIncludes glossary
650 _aBusiness
_xResearch
_xMethodology
942 _2ddc
_cEN
_mSIV
_h650.072
999 _c16912
_d16912